00996nam a2200241 a 4500001001000000003000400010005001700014007000300031008004100034040002500075041000800100049000900108082001800117100004100135245003900176260007900215300002000294910005000314942001400364952017800378952018100556999001700737000033169OSt20240307185845.0ta110818s19uu dr 000 0 spa d aDO-SdBNPbspacBNPHU hspa aBNPD74a861.42bD159h1 aDamirón, Rafael,d1882-195692728710aHuerto remoto /cRafael Damirón. aSantiago de los Caballeros, República Dominicana :bEl Diario,c[19--?]. a90 p. ;c21 cm. aInventariado.Validado. Control de calidad MAA 2ddccLBS1 00102ddc718RVaBNPHUbPDcHDd2011-08-18iLF1l0oBNPHU PD-RV 861.42 D159hp33169-10r2020-06-25w2020-06-25y1zPerteneció a la biblioteca personal de Martínez Boog. 0010718PDaPDbPDcCTd2011-08-23iLF1l0oxxxx D159hp33169-20r2020-06-25te. 2w2020-06-25yLFPDzPerteneció a la biblioteca personal de Julio Ortega FrierZNo se presta c32660d32660